| 000 | 00797nam a2200229 i 4500 | ||
|---|---|---|---|
| 001 | 50649 | ||
| 003 | ES-MaACL | ||
| 005 | 20250824075902.0 | ||
| 007 | t| | ||
| 008 | 030806s1984 gw ||||1| spa d | ||
| 020 | _a3-923593-04-X | ||
| 100 | 1 |
_aCubillo de Aragón, Alvaro. _941942 |
|
| 245 | 1 | 0 |
_aAuto sacramental de la muerte de Frislan / _cAlvaro Cubillo de Aragón ; introduction, texte et notes, Marie France Schmidt. |
| 260 |
_aKassel : _bReichenberger, _c1984. |
||
| 300 |
_aX, 210 p. ; _c25 cm. |
||
| 490 | 1 |
_aTeatro del siglo de oro. Ediciones críticas ; _v4 |
|
| 504 | _aBibliografía. | ||
| 700 | 1 |
_aFrance Schmidt, Marie. _952139 |
|
| 830 | 0 | 0 |
_aTeatro del Siglo de Oro. _pEdiciones críticas _v4 _9183555 |
| 852 |
_aES-MaACL _jL-10570 _bR.111846 |
||
| 999 |
_c50649 _d50649 |
||